Statistics for Caribbean Island Countries by Population

Click here to take the quiz!

General Stats

  • This quiz has been taken 803 times
    (800 since last reset)
  • The average score is 9 of 12

Answer Stats

PopulationCountry% Correct
11,181,595Cuba
98%
11,743,017Haiti
97%
10,535,535Dominican Republic
94%
2,734,093Jamaica
92%
1,367,558Trinidad and Tobago
84%
288,000Barbados
73%
178,696Saint Lucia
66%
110,696Saint Vincent and the Grenadines
59%
113,000Grenada
56%
54,000Saint Kitts and Nevis
51%
99,337Antigua and Barbuda
48%
72,000Dominica
46%

Score Distribution

Percentile by Number Answered

Percent of People with Each Score

Your Score History

You have not taken this quiz since the last reset